000 00397nmm a2200145Ia 4500
008 251105s9999||||xx |||||||||||||||||und||
041 _aspa
100 _aOlivares Zurilla, Javier
245 0 _aFelipe
264 _a[Madrid, España] :
_bEdiciones B,
_c2015
300 _a784 páginas
650 _aHistorical fiction
856 _uhttps://public.digitaliapublishing.com/a/54266
942 _cCF
999 _c105461
_d105461